PUCUK DICITA ULAM MENDATANG

Bibliographic Details
Main Author: Wan Zaharah (Author)
Format: Book
Language:Malay
Published: Kuala Lumpur : PENERBITAN FARGOES SDN BHD 2020
Series:Siri halaman cerita peribahasa
Subjects:

MARC

LEADER 00000cam a2200000 7i4500
001 0000140068
005 20210323.0
008 200625s2020 my a jx 000 f may d
020 |a 9789672404569 (set) 
020 |a 9789672404576 
040 |a PERPUSTAM   |b eng   |c PERPUSTAM   |e rda 
090 0 0 |a J 899.2333   |b WAN 
100 0 |a Wan Zaharah ,   |e author 
245 1 0 |a PUCUK DICITA ULAM MENDATANG   |c WAN ZAHARAH 
264 1 |a Kuala Lumpur :   |b PENERBITAN FARGOES SDN BHD   |c 2020 
300 |a 15 unnumbered pages :   |b colour illustrations ;   |c 26 cm. 
336 |a text  |2 rdacontent 
337 |a unmediated  |2 rdamedia 
338 |a volume  |2 rdacarrier 
490 1 |a SIRI HALAMAN CERITA PERIBAHASA 
650 1 0 |a Children's stories, Malay 
650 2 0 |a Malay fiction 
650 2 0 |a Malaysian fiction (Malay) 
830 0 |a Siri halaman cerita peribahasa 
999 |a 0000670411   |b Buku   |c Koleksi Pinjaman Kanak-Kanak   |e Perbadanan Perpustakaan Awam Melaka 
999 |a 0000670412   |b Buku   |c Koleksi Pinjaman Kanak-Kanak   |e Perpustakaan Cawangan Jasin 
999 |a 0000670413   |b Buku   |c Koleksi Pinjaman Kanak-Kanak   |e Perpustakaan Cawangan Masjid Tanah 
999 |a 0000670414   |b Buku   |c Koleksi Pinjaman Kanak-Kanak   |e Perpustakaan Cawangan Merlimau 
999 |a 0000670415   |b Buku   |c Koleksi Pinjaman Kanak-Kanak   |e Perbadanan Perpustakaan Awam Melaka 
999 |a 0000670416   |b Buku   |c Koleksi Pinjaman Kanak-Kanak   |e Perbadanan Perpustakaan Awam Melaka 
999 |a 0000670417   |b Buku   |c Koleksi Pinjaman Kanak-Kanak   |e Perpustakaan Komuniti UTC Melaka 
999 |a 0000670418   |b Buku   |c Koleksi Pinjaman Kanak-Kanak   |e Perbadanan Perpustakaan Awam Melaka 
999 |a 0000670419   |b Buku   |c Koleksi Pinjaman Kanak-Kanak   |e Perbadanan Perpustakaan Awam Melaka 
999 |a 0000670420   |b Buku   |c Koleksi Pinjaman Kanak-Kanak   |e Perbadanan Perpustakaan Awam Melaka 
999 |a 0000670421   |b Buku   |c Koleksi Pinjaman Kanak-Kanak   |e Perbadanan Perpustakaan Awam Melaka